000 01247nam a2200289 a 4500
001 000000510
005 20260119094801.0
008 081127s2008 dr a 000 0 spa d
020 _a9789945850567
040 _aDO-SdBNP
_bspa
_cBNPHU
082 _a158.2
_bP349s
100 1 _aPeña Castillo, Lenin Benjamín de,
_d1978-
_91686
245 1 0 _aSalud, dinero y amor :
_blas llaves que tú necesitas /
_cLenin Benjamín de Peña Castillo ; prólogo Efrín Abreu de Sosa.
260 _aSanto Domingo :
_bGráfica Willian,
_c2008.
300 _a199 p. :
_bil. ;
_c21 cm.
500 _aIncluye datos biográficos del autor en la contra cubierta
590 _aLa biblioteca posee 3 ejemplares autografiados por el autor
505 0 _aPrólogo -- Amor -- Anatomía del aparato genital femenino y masculino -- Sexualidad -- Sexo -- Salud -- Salud mental -- Personalidad -- Autoestima -- Dinero --Cortesía y amistad -- Amistad.
590 _aLa biblioteca posee 3 ejemplares autografiados por el autor
650 0 _aSalud
_91687
650 0 _aAmor
_91688
650 0 _aAutoestima
_9212
650 4 _aRecursos económicos
_91689
650 4 _aSexo
_91690
700 1 2 _aSosa, Efrín Abreu de,
_epról
_91691
910 _aValidado. Control de calidad MFF
999 _c508
_d508